| 000 | 00336nam a2200133Ia 4500 | ||
|---|---|---|---|
| 008 | 231129s1975||||xx |||||||||||||| ||spa|| | ||
| 040 | _bspa | ||
| 082 | _a340.18 C331c | ||
| 100 | _aCarvalho Iván Darío | ||
| 245 | 0 | _aComo elaborar una tesis de derecho | |
| 260 | _c1975 | ||
| 264 | _aBogotá Colombia : D.E.S. | ||
| 942 |
_2ddc _cBKS |
||
| 999 |
_c7508 _d7508 |
||